| 000 | 00693 a2200157 4500 | ||
|---|---|---|---|
| 999 |
_c8388 _d8388 |
||
| 020 | _a9783464207130 | ||
| 050 | _aP121.942 VOK 2009 | ||
| 100 |
_a Funk, Hermann, _d1953- _eauthor |
||
| 245 |
_aStudio d. A1 : _bDeutsch als fremdsprache / _cHermann Funk |
||
| 264 |
_aBerlin : _bCornelsen, _c ♭2009 |
||
| 300 | _a 255 pages : color illustrations ; 30 cm + 1 solution booklet (18 pages) + 1 supplement (23 pages) + 1 audio disc (4 3/4 in.) | ||
| 500 | _aCol. map on lining papers. "Gemeinsamer Europĩscher referenzrahmen"--Cover. | ||
| 650 | _aGerman language -- Textbooks for foreign speakers. | ||
| 650 | _aGerman language -- Problems, exercises, etc. | ||
| 942 |
_2lcc _cBK _h121.942 _iVOK _kP |
||